| 000 | 01718nam0a2200349 4500 | ||
|---|---|---|---|
| 001 | RU\NLR\bibl\108818 | ||
| 005 | 20250617091024.0 | ||
| 010 |
_a5-7711-0041-2 _96000 |
||
| 021 |
_aRU _b2000-18804 _9887 |
||
| 035 | _a(NLR Aleph) 000106505 | ||
| 090 |
_a603090 _c603090 |
||
| 100 | _a20000919d2000 |||y0rusy50 ca | ||
| 101 | 1 |
_arus _ceng |
|
| 102 | _aRU | ||
| 105 | _aa ||||||||| | ||
| 200 | 1 |
_aПищеварительная система _eБолезни и их лечение _fЭ. Келли _gПод общ. ред. гл. гастроэнтеролога Санкт-Петербурга проф. Е.И. Ткаченко _g[Пер. с англ. Л.Л. Бернштейна] |
|
| 210 |
_aСПб. _cНоринт _d2000 |
||
| 215 |
_a76, [2] с. _cил. _d20 |
||
| 225 | 1 |
_aСоветы врача _iПищеварительная система |
|
| 300 | _aЗагл. и авт. ориг.: Understanding indigestion and other tummy troubles/ By E. Kelly | ||
| 300 | _aНа обл. авт. не указан | ||
| 454 | 0 |
_12001#$aUnderstanding indigestion and other tummy troubles$fBy E. Kelly _tUnderstanding indigestion and other tummy troubles |
|
| 606 | 0 |
_aПищеварительная система _jПопулярная литература _xБолезни _xТерапия _92174225 _3RU\NLR\auth\661307712 |
|
| 606 | 0 |
_aПищеварительная система _jПопулярные издания _xБолезни _xТерапия _92174225 _3RU\NLR\auth\661307712 |
|
| 686 | _aР413-5я9 | ||
| 700 | 1 |
_aКелли _bЭ. _gЭлизабет _4070 |
|
| 801 | 0 |
_aRU _bNLR _c20000919 _gPSBO |
|
| 801 | 1 |
_aRU _bNLR _c20000919 |
|
| 852 |
_aNLR _j2000-4/5011 |
||
| 942 | _cBOOK | ||
| 980 | _aNB | ||